| 000 | 01613nad a2200421 cc4500 | ||
|---|---|---|---|
| 001 | BV047804991 | ||
| 003 | DE-604 | ||
| 005 | 20220718170900.0 | ||
| 007 | t | ||
| 008 | 220128s2021 |||| 00||| rus d | ||
| 020 |
_a9785862186086 _9978-5-86218-608-6 |
||
| 035 | _a(DE-599)BVBBV047804991 | ||
| 040 |
_aDE-604 _bger _cRU-10907106 |
||
| 041 | 0 | _arus | |
| 084 | _qDE-12 | ||
| 100 | 0 |
_aKatharina _bII. _cRussland, Zarin _d1729-1796 _eVerfasser _0(DE-588)118560565 _4aut _96786 |
|
| 240 | 1 | 0 | _aMémoires |
| 245 | 1 | 0 |
_aMemuary _bv dvuch knigach : [novyj perevod] = Mémoires / Grande Catherine _cEkaterina Velikaja ; izdanie podgotovili M.A. Krjučkova, T.I. Akimova, E.V. Morozova ; _nTom 1 |
| 246 | 1 | 3 | _aEkaterina II: memuary |
| 246 | 1 | 1 | _aMémoires / Grande Catherine |
| 264 | 1 |
_6880-04 _aMoskva _bLadomir _c2021 |
|
| 300 | _a2 Bände | ||
| 336 |
_aText _btxt _2rdacontent |
||
| 337 |
_aohne Hilfsmittel zu benutzen _bn _2rdamedia |
||
| 338 |
_aBand _bnc _2rdacarrier |
||
| 490 | 0 | _aLiteraturnye pamjatniki | |
| 546 | _aText russisch | ||
| 546 | _aKyrillisch | ||
| 600 | 0 | 7 |
_aKatharina _bII. _cRussland, Zarin _d1729-1796 _0(DE-588)118560565 _2gnd _9rswk-swf |
| 650 | 0 | 7 |
_aAutobiografie _0(DE-588)4003939-0 _2gnd _9rswk-swf |
| 655 | 7 |
_0(DE-588)4003939-0 _aAutobiografie _2gnd-content _9680 |
|
| 700 | 1 |
_aKrjučkova, Marija Aleksandrovna _dca. 20./21. Jh. _eeHerausgeberIn _0(DE-588)141363681 _4edt _98335 |
|
| 700 | 1 |
_aAkimova, T. I. _eeHerausgeberIn _4edt _98336 |
|
| 700 | 1 |
_aMorozova, E.V. _eHerausgeberIn _4edt _98337 |
|
| 773 | 0 | 8 |
_qTom1 _wBV1816360049 |
| 942 |
_2z _cMG |
||
| 999 |
_c60416 _d60416 |
||